Gift of a golden string / (Record no. 6541)

MARC details
000 -LEADER
fixed length control field 00618cam a22002172 4500
001 - CONTROL NUMBER
control field 6104434
003 - CONTROL NUMBER IDENTIFIER
control field GBCCL
005 - DATE AND TIME OF LATEST TRANSACTION
control field 20241126110605.0
008 - FIXED-LENGTH DATA ELEMENTS--GENERAL INFORMATION
fixed length control field 830111s1963 pau 000 0 eng
010 ## -
-- 63012578
040 ## - CATALOGING SOURCE
Original cataloging agency DLC
Transcribing agency CarP
Modifying agency DLC
050 00 -
-- BV4801
-- .B4
082 ## - DEWEY DECIMAL CLASSIFICATION NUMBER
Classification number 242
Item number BEN
100 1# - MAIN ENTRY--PERSONAL NAME
Personal name Benton, Josephine Moffett
9 (RLIN) 11713
245 10 - TITLE STATEMENT
Title Gift of a golden string /
Statement of responsibility, etc. Josephine Moffett Benton
260 ## - PUBLICATION, DISTRIBUTION, ETC.
Place of publication, distribution, etc. Philadelphia:
Name of publisher, distributor, etc. United Church Press,
Date of publication, distribution, etc. 1963
300 ## - PHYSICAL DESCRIPTION
Extent 255 p.;
Dimensions 21 cm.
650 #0 - SUBJECT ADDED ENTRY--TOPICAL TERM
Topical term or geographic name entry element Devotional literature.
9 (RLIN) 489
906 ## - LOCAL DATA ELEMENT F, LDF (RLIN)
a 0
b cbc
c premver
d u
e ncip
f 19
g y-gencatlg
942 ## - ADDED ENTRY ELEMENTS (KOHA)
Source of classification or shelving scheme Dewey Decimal Classification
Koha item type Books
Holdings
Withdrawn status Lost status Source of classification or shelving scheme Damaged status Not for loan Home library Current Library Shelving location Date acquired Total checkouts Full call number Barcode Date last seen Copy number Price effective from Koha item type
    Dewey Decimal Classification     GRACE BIBLE COLLEGE GRACE BIBLE COLLEGE Ministry & Mission 2018-05-17   242 BEN 002031 2025-05-01 c.1 2018-05-17 Books
© Grace Bible College Library 2025